Zákon o dani z pridanej hodnoty Úplne znenie s komentárom

Saved in:
Bibliographic Details
Format: Book
Language:Slovak
Published: Žilina EkonSpo [1993]
Edition:1. vyd.
Series:Účtovníctvo
Subjects:
Tags: Add Tag
No Tags, Be the first to tag this record!

MARC

LEADER 00000nam a2200000 4500
001 c005376
005 20221214083324.6
020 |a 80-7156-019-7 
041 0 |a slo 
044 |a SK 
245 1 0 |a Zákon o dani z pridanej hodnoty  |b Úplne znenie s komentárom 
250 |a 1. vyd. 
264 1 |a Žilina  |b EkonSpo  |c [1993] 
300 |a 60 s.  |e príl. 
490 1 |a Účtovníctvo 
830 0 |a Účtovníctvo 
610 2 0 |a dane 
610 2 0 |a ČSFR 
610 2 0 |a dane z hodnoty pridanej 
610 2 0 |a Slovensko 
610 2 0 |a 1992